| 000 | 00000nam 2200000zi 4500 |
| 001 | 9.943174 |
| 003 | CaOODSP |
| 005 | 20241104111727 |
| 006 | m o d f |
| 007 | cr |n||||||||| |
| 008 | 240912t19851985onca o f000 0 eng d |
| 020 | |z0662536525 |
| 040 | |aCaOODSP|beng|erda|cCaOODSP |
| 043 | |an-cn--- |
| 086 | 1 |aMP43-169/1985E-PDF|zMP43-169/1985 |
| 245 | 00|aCapable?-- and how!. |
| 264 | 1|a[Ottawa] : |bEmployment and Immigration Canada, Employment Support Services Branch, |c[1985] |
| 264 | 4|c©1985 |
| 300 | |a1 online resource (17 pages) : |billustrations |
| 336 | |atext|btxt|2rdacontent |
| 337 | |acomputer|bc|2rdamedia |
| 338 | |aonline resource|bcr|2rdacarrier |
| 500 | |aIssued also in French under title: Capables? Et comment! |
| 500 | |aDigitized edition from print [produced by Government of Canada Publications Directorate]. |
| 650 | 0|aPeople with disabilities|xEmployment|zCanada. |
| 650 | 0|aVocational rehabilitation|zCanada. |
| 710 | 1 |aCanada.|bEmployment and Immigration Canada (Commission), |eissuing body. |
| 775 | 08|tCapables? Et comment!|w(CaOODSP)9.943173 |
| 856 | 40|qPDF|s8713 KB|uhttps://publications.gc.ca/collections/collection_2024/edsc-esdc/MP43-169-1985-eng.pdf |